The literature of the Charadriiformes from 1894-1928 : with a classification of the order, and lists of the genera, species and subspecies /

Bibliographic Details
Main Author: Low, George Carmichael, 1872-
Format: Book
Language:English
Published: London : H.F. & G. Witherby, [1931]
Edition:2nd ed., rev.,
Subjects:

MARC

Tag First Indicator Second Indicator Subfields
LEADER 00000cam a2200000 4500
001 in00000710608
005 20151016065106.0
008 790413s1931 enk b 00110 engmc
010 |a agr32000382  
035 |a (OCoLC)04855438 
035 |9 ADE0348AM 
040 |a U.S. Dept. of Agriculture Z5333.L  |c KKU  |d KKU  |d TXA  |d UtOrBLW 
049 |a TXAM  |c [203631] 
050 0 |a Z5333  |b .L 
070 |a 241.73  |b L95 
090 |a QL696.C43  |b L68 1931 
092 |a 598.33  |b AL9122 
100 1 |a Low, George Carmichael,  |d 1872- 
245 1 4 |a The literature of the Charadriiformes from 1894-1928 :  |b with a classification of the order, and lists of the genera, species and subspecies /  |c by G. Carmichael Low ... 
250 |a 2nd ed., rev.,  |b much enlarged and brought up to date to the end of 1928. 
264 1 |a London :  |b H.F. & G. Witherby,  |c [1931] 
300 |a xiii, 637 pages ;  |c 23 cm. 
336 |a text  |b txt  |2 rdacontent 
337 |a unmediated  |b n  |2 rdamedia 
338 |a volume  |b nc  |2 rdacarrier 
500 |a Includes index. 
650 0 |a Charadriidae  |v Bibliography. 
949 |a updated  |b h  |c 2006/2/14  |e fpiscitelli  |f 12:53:26 pm 
999 |a MARS 
999 f f |s 28bf8230-24c9-3fb5-963c-171533d49067  |i c24cb81b-7215-303b-a1df-f01b1e23cfba  |t 0 
952 f f |p ric  |a Texas A&M University  |b Rellis Campus  |c Joint Library Facility  |d Remote Storage  |t 0  |e QL696.C43 L68 1931  |h Library of Congress classification  |i unmediated -- volume  |m A14801023901 
998 f f |a QL696.C43 L68 1931  |t 0  |l Remote Storage